| 000 | 00615nam a2200193Ia 4500 | ||
|---|---|---|---|
| 003 | IN-BaIIA | ||
| 008 | 211028s9999 xx 000 0 eng d | ||
| 020 | _a0-471-01502-4 | ||
| 040 | _cIIA Library | ||
| 080 |
_a535:519 _bGOO |
||
| 100 |
_aGoodman, J. W _914731 |
||
| 245 | 0 |
_aStatistical optics _cJ. W. Goodman |
|
| 260 |
_aNew York _bJohn Wiley & Sons _c1984 |
||
| 300 | _axvii, 550p. | ||
| 650 |
_aAbstracts-Astronomy and Astrophysics _96051 |
||
| 650 |
_aAstronomy and Astrophysics Abstracts _96052 |
||
| 650 | _aAstronomy and Astrophysics Thesaurus | ||
| 942 | _cBK | ||
| 999 |
_c8765 _d8765 |
||